| 000 | 01199nam a22002657a 4500 | ||
|---|---|---|---|
| 005 | 20260218093751.0 | ||
| 008 | 260218e20260210xxk|||||o|||| 00| 0 eng d | ||
| 041 | _aeng | ||
| 110 | _aRoyal Institution of Chartered Surveyors | ||
| 245 |
_aRICS Practice Alert - RAAC in Scottish residential property _h[Email update] |
||
| 260 |
_aLondon, _bRoyal Institution of Chartered Surveyors, _c4 February 2026 |
||
| 300 | _aemail | ||
| 490 | _aRICS Practice Alert | ||
| 520 | _aThis Alert is to notify all RICS members, RICS-regulated firms and candidates in Scotland of new guidance relating to reinforced autoclaved aerated concrete (RAAC) roof panel construction in Scottish residential property. | ||
| 650 | _aBUILDING SAFETY | ||
| 650 | _aBUILDING DEFECTS | ||
| 650 | _aCONCRETE | ||
| 650 | _aREINFORCED AUTOCLAVED AERATED CONCRETE | ||
| 650 | _aRESIDENTIAL PROPERTY | ||
| 651 | _aScotland | ||
| 690 |
_aBuilding control _96222 |
||
| 710 | _aRoyal Institution of Chartered Surveyors | ||
| 856 |
_uhttps://www.rics.org/content/dam/ricsglobal/documents/regulation/RICS-Practice-Alert_RAAC-in-Scottish-residential-property_February-2026.pdf _zView the online Practice Update |
||
| 942 | _n0 | ||
| 999 |
_c122244 _d122244 |
||